| 000 | 01028nam a2200241Ia 4500 | ||
|---|---|---|---|
| 001 | 937-PAL ma or (18895) | ||
| 003 | IT-MiSPE | ||
| 008 | 171229s9999||||xx |||||||||||||| ||und|| | ||
| 040 |
_aIT-MiSPE _cIT-MiSPE |
||
| 041 | _aITALIANO | ||
| 100 | _aMassimo Pallottino | ||
| 245 | 0 | _aOrigini e storia primitiva di Roma | |
| 250 | _a1a ed. (v) | ||
| 260 |
_aMilano _bRusconi _c1993 |
||
| 300 |
_a422 p. _c21 cm |
||
| 490 | _aOrizzonti della storia | ||
| 500 | _aRoma - Storia antica | ||
| 501 | _aEdizioni San Paolo srl - Piazza Soncino, 5 - 20092 CINISELLO BALSAMO (MI) (non commercial uses only) ® Copyright 2018 | ||
| 520 | _aIll., tav., cart. geo. | ||
| 942 | _cBK | ||
| 957 | _71 | ||
| 999 |
_a5292 _bNO _g Copie: 1 _c356683 _d356683 |
||